000 01518cam a2200133 4500500
005 20260329023210.0
041 _afre
042 _adc
100 1 0 _aMilet, Marc
_eauthor
245 0 0 _aSociologie politique de la menace et du risque
260 _bArmand Colin,
_c2022.
520 _aLe moment historique de la pandémie de coronavirus a indéniablement placé la gestion publique des crises au centre des agendas politiques mondiaux. Si la question de la gestion des crises par les pouvoirs publics n'est pas nouvelle, la mutation des menaces intentionnelles comme le terrorisme, et l'avènement de nouveaux risques (technologiques ou sanitaires) viennent cependant renouveler leur analyse. Cet ouvrage présente, de manière syncrétique, les grands auteurs, modèles analytiques et approches permettant d'appréhender ces phénomènes dans nos sociétés contemporaines. Quels sont les usages politiques du risque dans le cadre de la compétition politique, de la gestion publique ? Quelles conséquences les menaces et les risques ont-ils sur les résultats électoraux ? Quel est le rôle des acteurs de la société civile dans la construction des risques (le cadre des mobilisations collectives) ? Un ouvrage assorti de nombreuses études de cas (menace terroriste, affaire du sang contaminé, rôle de l’OMS dans la gestion de la crise du coronavirus, etc.).
856 4 1 _uhttps://shs.cairn.info/sociologie-politique-de-la-menace-et-du-risque--9782200629892?lang=fr&redirect-ssocas=7080
999 _c1925439
_d1925439